| 000 -LEADER |
| fixed length control field |
00373nam a2200145 4500 |
| 008 - FIXED-LENGTH DATA ELEMENTS--GENERAL INFORMATION |
| fixed length control field |
191108b ||||| |||| 00| 0 eng d |
| 082 00 - DEWEY DECIMAL CLASSIFICATION NUMBER |
| Classification number |
620 |
| Item number |
S6421 |
| 100 ## - MAIN ENTRY--PERSONAL NAME |
| 9 (RLIN) |
146 |
| Personal name |
Smith, D. J. |
| 245 10 - TITLE STATEMENT |
| Title |
Complete Engineer / |
| 250 ## - EDITION STATEMENT |
| Edition statement |
1st ed. |
| 260 ## - PUBLICATION, DISTRIBUTION, ETC. (IMPRINT) |
| Place of publication, distribution, etc |
London : |
| Name of publisher, distributor, etc |
George Newnes Limited, |
| Date of publication, distribution, etc |
. |
| 300 ## - PHYSICAL DESCRIPTION |
| Extent |
vii, 632 p. |
| 650 #0 - SUBJECT ADDED ENTRY--TOPICAL TERM |
| Topical term or geographic name as entry element |
Engineering |
| 942 ## - ADDED ENTRY ELEMENTS (KOHA) |
| Source of classification or shelving scheme |
|
| Item type |
Books |